ბათუმის შოთა რუსთაველის სახელმწიფო უნივერსიტეტის ბიბლიოთეკა

ადრიანეს მოგონებები / (ბიბ.ჩანაწერი № 54730)

000 -ლიდერი
ფიქსირებული სიგრძის საკონტროლო ველი 01220nam a2200253Ia 4500
001 - საკონტროლო ნომერი
საკონტროლო ველი 21797
003 - საკონტროლო ნომრის იდენტიფიკატორი
საკონტროლო ველი GE_BSU
005 - ბოლო ოპერაციის თარიღი და დრო
საკონტროლო ველი 20230731163315.0
008 - ფიქსირებული სიგრძის მონაცემთა ელემენტები - ზოგადი ინფორმაცია
ფიქსირებული სიგრძის საკონტროლო ველი 181216s2017||||ge |||||||||||||| ||geo||
020 ## - წიგნის საერთაშორისო სტანდარტული ნომერი
International Standard Book Number 9789941452420
040 ## - კატალოგიზაციის წყარო
Transcribing agency GE_BSU
041 ## - ენის კოდი
Language code of text/sound track or separate title geo
080 ## - უნივერსალური ათობითი კლასიფიკაციის ინდექსი
Universal Decimal Classification number 821.133.1.09 ი-95
100 ## - მთავარი ჩანაწერი - პიროვნების სახელი
Personal name იურსენარი, მარგერიტ
9 (RLIN) 19587
245 ## - ცნობა სათაურის შესახებ
Title ადრიანეს მოგონებები /
Statement of responsibility, etc მარგერიტ იურსენარი ; მთარგმნელი მერაბ ფიფია ; რედაქტორები : ლია ლიქოკელი, ეთერ ინწკირველი.
264 ## - წარმოების, გამოცემის, დისტრიბუციის და სხვა ცნობები
გამოცემის, წარმოების, დისტრიბუციის... ადგილი თბილისი :
გამოცემის, წარმოების, დისტრიბუციის... სახელწოდება ქარჩხაძის გამომცემლობა,
გამოცემის, წარმოების, დისტრიბუციის... თარიღი 2017.
300 ## - ფიზიკური აღწერა
Extent 417 გვ. ;
Dimensions 20 სმ.
653 ## - INDEX TERM--UNCONTROLLED
Uncontrolled term ადრიანეს მოგონებები
700 ## - ADDED ENTRY--PERSONAL NAME
Personal name ფიფია, მერაბ
Relator term მთარგმნელი
9 (RLIN) 6443
700 ## - ADDED ENTRY--PERSONAL NAME
Personal name ლიქოკელი, ლია
Relator term რედაქტორი
9 (RLIN) 17545
700 ## - ADDED ENTRY--PERSONAL NAME
Personal name ინწკირველი, ეთერ
Relator term რედაქტორი
9 (RLIN) 13871
942 ## - ADDED ENTRY ELEMENTS (KOHA)
Koha item type წიგნი
Source of classification or shelving scheme
ეგზემპლარები
ჩამოწერის სტატუსი დაკარგული ეგზემპლარის სტატუსი კლასიფიკაციის წყარო ან თაროზე გაწყობის სქემა დაზიანების სტატუსი არ გაიცემა მუდმივი მდებარეობა (დაცვის ადგილი) ამჟამინდელი ადგილსამყოფელი თაროზე განთავსების ადგილი შეძენის თარიღი ღირებულება, შესყიდვის ნორმალური ფასი სრული შენახვის შიფრი შტრიხკოდი ბოლო ოპერაციის თარიღი ეგზემპლარის მიმდევრობითი ნომერი (კეტერი?) ფასის ძალაში შესვლის თარიღი ეგზემპლარის სახეობა საჯარო შენიშვნა
          ბათუმის შოთა რუსთაველის სახელმწიფო უნივერსიტეტის მთავარი ბიბლიოთეკა ბათუმის შოთა რუსთაველის სახელმწიფო უნივერსიტეტის მთავარი ბიბლიოთეკა წიგნსაცავი 2023-07-31 5.00 821.133.1.09 ი-95 56203 2023-07-31 56203 2023-07-31 წიგნი 5.00 ₾.